000 02163cam a22004934i 4500
003 PE-LiUPU
005 20250731172911.0
008 150617s r 000 0 d
035 _a(Sirsi) a16873
040 _aPE-LiUPU
_bspa
_cPE-LiUPU
_erda
049 _aPRUA
082 0 4 _a261.72098
_bH849l
_223
100 1 _aHoward, George Parkinson,
_d1882-.,
_eautor.
245 1 1 _a¿Libertad religiosa en América Latina? /
_cJorge P. Howard.
250 _aSegunda edición.
264 1 _aBuenos Aires :
_bEditorial "La Aurora",
_c1945.
300 _a249 páginas ;
_c17 centímetros.
336 _atext
_2rdacontent
337 _aunmediated
_2rdamedia
338 _avolume
_2rdacarrier
504 _anotas bibliográficas.
505 0 _aLa iglesia Católica crea un problema. -La cuestión de la libertad religiosa. -¿Hasta dónde es católica la América del Sur?. -La acción católica declara la guerra. -¿Somos tierra de misión?. -Hablan los latinoamericanos. -El protestantismo conbina la libertad con la unidad. -Uniformidad religiosa y unidad nacional. -¿Podrían colaborar católicos y protestantes?. -La América Latina necesita una revolución religiosa. -El derecho de herejía. -¿De Lutero a Hitler?. -Las misiones protestantes en la América Latina deben continuar .
526 _aSEG42
526 _aSEG41
526 _aSEG40
526 _aSEG39
526 _aP94
526 _aP87
526 _aP86
526 _aP85
526 _aP77
526 _aP76
526 _aP35
650 0 4 _aLibertad religiosa
_zAmérica Latina.
910 _ajck
942 _2ddc
_cBK
_n0
949 _a261.72098 H849l
_wDEWEY
_c1
_i00762
_lCCODEBUL1
_mBUL
_p00.00
_r0
_sY
_tBOOK
_u19921001
_xTEOLOGIA
_0COMPRA
_o.STAFF. Colección General
949 _a261.72098 H849l
_wDEWEY
_c2
_i23327
_lCCODEBUL1
_mBUL
_p00.00
_r0
_sY
_tBOOK
_u19921001
_xTEOLOGIA
_0COMPRA
_o.STAFF. Colección General
949 _a261.72098 H79
_wDEWEY
_c3
_i04125
_lCCODEBUL1
_mBUL
_p00.00
_r0
_sY
_tBOOK
_u19921001
_xTEOLOGIA
_0COMPRA
_o.STAFF. Colección General
999 _c16390
_d16390
980 _81
_gALBERTO SANCHEZ Responsable de Automatización